[Event "Milan Crespi op-A 34th"]
[Site "Milan"]
[Date "2013.12.07"]
[Round "4"]
[White "Saffioti, Cristian"]
[Black "Miracola, Giorgia"]
[Result "1/2-1/2"]
[WhiteElo "1887"]
[BlackElo "1866"]
[PlyCount "79"]
[EventDate "2013.12.04"]
[EventType "swiss"]
[EventRounds "7"]
[EventCountry "ITA"]
[SourceTitle "EXT 2024"]
[Source "ChessBase"]
[SourceDate "2023.10.10"]
[SourceVersion "1"]
[SourceVersionDate "2023.10.10"]
[SourceQuality "1"]

1. e4 c5 2. Nc3 e6 3. Nf3 d6 4. d4 cxd4 5. Nxd4 Nf6 6. Be3 a6 7. f3 Be7 8. Qd2 0-0 9. 0-0-0 b5 10. g4 b4 11. Nce2 a5 12. g5 Nfd7 13. Nb5 Ne5 14. Ned4 a4 15. Be2 d5 16. exd5 exd5 17. b3 axb3 18. cxb3 Qa5 19. Kb1 Nec6 20. Rc1 Nxd4 21. Nxd4 Bc5 22. Rxc5 Qxc5 23. Ne6 Qa5 24. Nxf8 Bf5+ 25. Ka1 d4 26. Bxd4 Nc6 27. Bb6 Qxb6 28. Nd7 Qa7 29. Nf6+ gxf6 30. gxf6 Qd4+ 31. Qxd4 Nxd4 32. Rg1+ Kf8 33. Bc4 Nc2+ 34. Kb2 Ne3 35. Rg5 Rd8 36. a4 Rd2+ 37. Ka1 Bg6 38. Rc5 Ke8 39. Re5+ Kd7 40. Rxe3 1/2-1/2

[Event "Recco op 6th"]
[Site "Recco"]
[Date "2012.10.26"]
[Round "1"]
[White "Saffioti, Cristian"]
[Black "Codenotti, Marco"]
[Result "0-1"]
[WhiteElo "1962"]
[BlackElo "2334"]
[PlyCount "44"]
[EventDate "2012.10.26"]
[EventType "swiss"]
[EventRounds "5"]
[EventCountry "ITA"]
[SourceTitle "EXT 2014"]
[Source "ChessBase"]
[SourceDate "2013.11.20"]
[SourceVersion "1"]
[SourceVersionDate "2013.11.20"]
[SourceQuality "1"]

1. e4 c5 2. Nc3 a6 3. Nf3 d6 4. d4 cxd4 5. Nxd4 Nf6 6. f3 e5 7. Nb3 Be6 8. Be3 h5 9. h4 Nbd7 10. Qd2 b5 11. 0-0-0 Nb6 12. Qf2 Rb8 13. Na5 Qc7 14. Bxb5+ axb5 15. Nxb5 Qd7 16. Nxd6+ Bxd6 17. Bxb6 0-0 18. Nb3 Rfc8 19. Nc5 Bxc5 20. Bxc5 Qb5 21. Ba3 Bxa2 22. Rd2 Ra8 0-1

[Event "Imperia op-B 50th"]
[Site "Imperia"]
[Date "2008.08.31"]
[Round "1"]
[White "Saffioti, Cristian"]
[Black "Cornaggia, Ranieri"]
[Result "1/2-1/2"]
[WhiteElo "1926"]
[BlackElo "1788"]
[PlyCount "122"]
[EventDate "2008.08.31"]
[EventType "swiss"]
[EventRounds "9"]
[EventCountry "ITA"]
[SourceTitle "EXT 2011"]
[Source "ChessBase"]
[SourceDate "2010.11.26"]
[SourceVersion "1"]
[SourceVersionDate "2010.11.26"]
[SourceQuality "1"]

1. e4 e5 2. Nf3 Nc6 3. Bb5 a6 4. Ba4 Nge7 5. 0-0 d6 6. d4 Bd7 7. Bb3 h6 8. c3 Ng6 9. Re1 Be7 10. Nbd2 0-0 11. Nf1 Kh8 12. Ng3 Bf6 13. h3 Qe7 14. Be3 Nd8 15. Qd2 Kh7 16. Rad1 Be6 17. Bc2 Nh4 18. Nxh4 Bxh4 19. Nf5 Bxf5 20. exf5 Bf6 21. dxe5 dxe5 22. Qd5 c6 23. Qd7 Qxd7 24. Rxd7 Kg8 25. Bc5 Re8 26. Bd6 b5 27. Re4 Rc8 28. f4 c5 29. fxe5 Bg5 30. Bd1 g6 31. fxg6 fxg6 32. Bg4 Nc6 33. e6 Ne7 34. g3 h5 35. Bf3 a5 36. h4 Bf6 37. Be5 Bxe5 38. Rxe5 b4 39. Bb7 Rb8 40. Rxc5 bxc3 41. Rxc3 Nf5 42. Bd5 Rxb2 43. e7+ Kg7 44. Be6 Rb1+ 45. Kf2 Kf6 46. Bxf5 Kxf5 47. a3 Ke6 48. Ra7 Rb5 49. Re3+ Kf7 50. Rd7 Rb6 51. Rf3+ Ke6 52. Ra7 Rb2+ 53. Ke3 Rb3+ 54. Ke4 Rxf3 55. Kxf3 Rxe7 56. Rxa5 Rb7 57. a4 Rb4 58. Ra8 Kf7 59. a5 Ra4 60. a6 Kg7 61. a7 Kh7 1/2-1/2

[Event "Ceriano Laghetto op-B 17th"]
[Site "Ceriano Laghetto"]
[Date "2008.03.28"]
[Round "1"]
[White "Cervini, Gian Piero"]
[Black "Saffioti, Cristian"]
[Result "1/2-1/2"]
[WhiteElo "1767"]
[BlackElo "1949"]
[PlyCount "108"]
[EventDate "2008.03.28"]
[EventType "swiss"]
[EventRounds "5"]
[EventCountry "ITA"]
[SourceTitle "EXT 2011"]
[Source "ChessBase"]
[SourceDate "2010.11.26"]
[SourceVersion "1"]
[SourceVersionDate "2010.11.26"]
[SourceQuality "1"]

1. e4 b6 2. d4 Bb7 3. Nc3 e6 4. Be2 Bb4 5. Bd2 Bxc3 6. Bxc3 Bxe4 7. Bf3 Nf6 8. Bxe4 Nxe4 9. Qg4 d5 10. Qxg7 Qf6 11. Qxf6 Nxf6 12. Nf3 Nc6 13. 0-0-0 Rg8 14. g3 Ne4 15. Rhf1 Nxc3 16. bxc3 f6 17. Rfe1 Kf7 18. Nd2 Na5 19. Re3 Rac8 20. c4 dxc4 21. Rc3 b5 22. Ra3 Nc6 23. Ne4 a5 24. d5 Ne5 25. Rxa5 Ra8 26. Rxb5 Rxa2 27. dxe6+ Kxe6 28. Nc3 Ra1+ 29. Kb2 Rxd1 30. Nxd1 Rd8 31. Ne3 Rd2 32. f4 Nf3 33. f5+ Kd7 34. Rd5+ Rxd5 35. Nxd5 Nxh2 36. Nxf6+ Ke7 37. Nxh7 Ng4 38. Kc3 Kf7 39. Kxc4 Ne3+ 40. Kd3 Nxf5 41. Ng5+ Kf6 42. Ne4+ Ke5 43. c4 Ne7 44. Ke3 Nf5+ 45. Kd3 Ne7 46. g4 Kf4 47. Nf6 c6 48. Kd4 Kg5 49. Ke5 Ng6+ 50. Ke6 Nf4+ 51. Kf7 Nd3 52. Kg7 Ne5 53. c5 Nd3 54. Nd7 Kxg4 1/2-1/2

[Event "Genova Primavera op 10th"]
[Site "Genova"]
[Date "2007.03.24"]
[Round "2"]
[White "Brun, Dario"]
[Black "Saffioti, Cristian"]
[Result "1-0"]
[WhiteElo "2128"]
[BlackElo "1938"]
[PlyCount "65"]
[EventDate "2007.03.23"]
[EventType "swiss"]
[EventRounds "5"]
[EventCountry "ITA"]
[SourceTitle "EXT 2008"]
[Source "ChessBase"]
[SourceDate "2007.11.25"]
[SourceVersion "1"]
[SourceVersionDate "2007.11.25"]
[SourceQuality "1"]

1. d4 Nf6 2. c4 g6 3. Nc3 d5 4. cxd5 Nxd5 5. e4 Nxc3 6. bxc3 Bg7 7. Bc4 c5 8. Ne2 0-0 9. Be3 Nc6 10. 0-0 Qc7 11. Rc1 Rd8 12. Bf4 Qd7 13. d5 Na5 14. Bd3 e5 15. Bg5 f6 16. Be3 b6 17. f4 exf4 18. Nxf4 Qe7 19. Qf3 Nb7 20. d6 Nxd6 21. Nd5 Qf8 22. Nxf6+ Bxf6 23. Qxf6 Qxf6 24. Rxf6 c4 25. Be2 Ba6 26. Bf3 Bb7 27. e5 Bxf3 28. exd6 Be2 29. Bh6 Bg4 30. Re1 Re8 31. Re7 Rad8 32. Rg7+ Kh8 33. Rff7 1-0

[Event "Novi Ligure op 1st"]
[Site "Novi Ligure"]
[Date "2006.10.15"]
[Round "4"]
[White "Pugliese, Giuseppe"]
[Black "Saffioti, Cristian"]
[Result "1/2-1/2"]
[WhiteElo "1864"]
[BlackElo "1928"]
[PlyCount "49"]
[EventDate "2006.10.13"]
[EventType "swiss"]
[EventRounds "5"]
[EventCountry "ITA"]
[SourceTitle "EXT 2007"]
[Source "ChessBase"]
[SourceDate "2006.11.23"]
[SourceVersion "1"]
[SourceVersionDate "2006.11.23"]
[SourceQuality "1"]

1. e4 g6 2. d4 Bg7 3. Nc3 c5 4. Be3 Nc6 5. Nf3 Qa5 6. Qd2 Nf6 7. d5 Nb4 8. Bd3 Nxd3+ 9. cxd3 d6 10. h3 Nd7 11. 0-0 b5 12. a3 0-0 13. Bh6 Bb7 14. Bxg7 Kxg7 15. d4 Qb6 16. dxc5 dxc5 17. Rfd1 a5 18. a4 b4 19. Nb5 Rfd8 20. Qf4 Ba6 21. Nc7 Rac8 22. Nxa6 Qxa6 23. Ne5 Nxe5 24. Qxe5+ Qf6 25. Qxf6+ 1/2-1/2

[Event "Novi Ligure op 1st"]
[Site "Novi Ligure"]
[Date "2006.10.14"]
[Round "2"]
[White "Porzio, Massimo"]
[Black "Saffioti, Cristian"]
[Result "1/2-1/2"]
[WhiteElo "1690"]
[BlackElo "1928"]
[PlyCount "80"]
[EventDate "2006.10.13"]
[EventType "swiss"]
[EventRounds "5"]
[EventCountry "ITA"]
[SourceTitle "EXT 2007"]
[Source "ChessBase"]
[SourceDate "2006.11.23"]
[SourceVersion "1"]
[SourceVersionDate "2006.11.23"]
[SourceQuality "1"]

1. e4 g6 2. d4 Bg7 3. Nc3 c5 4. Be3 Nc6 5. Nf3 Qb6 6. Nd5 Qd8 7. Qd2 Nf6 8. Nxf6+ Bxf6 9. 0-0-0 cxd4 10. Nxd4 0-0 11. Nxc6 bxc6 12. Bd4 Bxd4 13. Qxd4 Qb6 14. Qxb6 axb6 15. Bc4 Ra4 16. b3 Rxa2 17. Kb1 Ra7 18. Kb2 b5 19. Be2 d6 20. Ra1 Rc7 21. Ra8 Be6 22. Rxf8+ Kxf8 23. Ra1 Kg7 24. f4 f6 25. h4 Bf7 26. Ra6 e5 27. g3 exf4 28. gxf4 h6 29. Bf3 Be8 30. Kc3 g5 31. Ra8 Bd7 32. hxg5 hxg5 33. f5 Bc8 34. Rb8 Kf8 35. Kd4 Ke7 36. Be2 Kd7 37. Ra8 c5+ 38. Ke3 b4 39. Bb5+ Ke7 40. Bc4 Bb7 1/2-1/2